| 000 | 00394nam a22001577a 4500 | ||
|---|---|---|---|
| 999 |
_c7953 _d7953 |
||
| 003 | OSt | ||
| 005 | 20190322112658.0 | ||
| 008 | 190322b ||||| |||| 00| 0 eng d | ||
| 040 | _cDLC | ||
| 082 |
_a494 _bO961U |
||
| 100 | _aOven, D. Albert/ | ||
| 245 |
_aUttam Jeaven Di Khoja/ _cby D. Albert Oven |
||
| 260 |
_aIndia: _bTruth for Todays _cc 2000 |
||
| 300 |
_a344p.; _c20 cm |
||
| 942 |
_2ddc _cBK |
||